| 000 | 00853nac a22002411u 4500 | ||
|---|---|---|---|
| 010 | _a013353939 | ||
| 020 | _a0077108132 (pbk.) | ||
| 028 | _bwww.bl.uk | ||
| 082 |
_a338.5 _bR421 |
||
| 090 |
_c2892 _d2892 |
||
| 100 | _aRickard, Séan. | ||
| 245 |
_aThe economics of organizations and strategy / _cSean Rickard. |
||
| 260 |
_aMaidenhead : , _bMcGraw-Hill Education,2006 _c2006. |
||
| 300 |
_axxii, 573 p. : _b ill. ; _c25 cm. |
||
| 500 | _aFormerly CIP. Uk | ||
| 504 | _aIncludes bibliographical references and index. | ||
| 650 | _aBusiness enterprises. | ||
| 650 | _aBusiness planning -- Economic aspects. | ||
| 650 | _aMicroeconomics. | ||
| 700 | _aRickard, Séan. | ||
| 942 |
_cBB _k338.5R421 |
||
| 999 |
_c2892 _d2892 |
||